Catálogo
 En Linea

Papeles de Monseñor de Meriño / (Registro nro. 26662)

Detalles MARC
000 -CABECERA
campo de control de longitud fija 00732nam a2200205 a 4500
001 - NÚMERO DE CONTROL
campo de control 000027170
003 - IDENTIFICADOR DEL NÚMERO DE CONTROL
campo de control OSt
005 - FECHA Y HORA DE LA ÚLTIMA TRANSACCIÓN
campo de control 20240305073654.0
008 - DATOS DE LONGITUD FIJA--INFORMACIÓN GENERAL
campo de control de longitud fija 110330s1983 dr 000 0 spa d
040 ## - FUENTE DE LA CATALOGACIÓN
Centro catalogador/agencia de origen DO-SdBNP
Lengua de catalogación spa
Centro/agencia transcriptor BNPHU
082 ## - NÚMERO DE LA CLASIFICACIÓN DECIMAL DEWEY
Número de clasificación xxx
Número de documento/Ítem R696
100 1# - ENTRADA PRINCIPAL--NOMBRE DE PERSONA
Nombre de persona Rodríguez Demorizi, Emilio,
Fechas asociadas al nombre 1908-1986
9 (RLIN) 1039
245 10 - MENCIÓN DE TÍTULO
Título Papeles de Monseñor de Meriño /
Mención de responsabilidad, etc. Emilio Rodríguez Demorizi.
260 ## - PUBLICACIÓN, DISTRIBUCIÓN, ETC.
Lugar de publicación, distribución, etc. Santo Domingo :
Nombre del editor, distribuidor, etc. Taller,
Fecha de publicación, distribución, etc. 1983.
300 ## - DESCRIPCIÓN FÍSICA
Extensión 266 p. ;
Dimensiones 23 cm.
500 ## - NOTA GENERAL
Nota general A la cabeza de la portada Feria Nacional del Libro 1983, homenaje a Mons. Fernando Arturo De Meriño en el 150 aniversario de su nacimiento 1833-1983
500 ## - NOTA GENERAL
Nota general Incluye índice.
500 ## - NOTA GENERAL
Nota general Incluye notas a pie de páginas
942 ## - ELEMENTOS DE PUNTO DE ACCESO ADICIONAL (KOHA)
Fuente del sistema de clasificación o colocación Dewey Decimal Classification
Tipo de ítem Koha Libros y folletos
Existencias
Estado de retiro Estado de pérdida Restricciones de uso No para préstamo Código de colección Localización permanente Ubicación/localización actual Ubicación en estantería Fecha de adquisición Número de inventario Total de préstamos Signatura topográfica completa Código de barras Fecha visto por última vez Número de copia Precio válido a partir de Tipo de ítem Koha Nota pública
        Dominicana de Servicio General General En catalogación 01.04.2011 LF1   xxx R696 27170-30 25.06.2020 e. 3 25.06.2020 Libro y Folleto Colección Dominicana de Servicio  
        Dominicana de Servicio General General En catalogación 01.04.2011 LF1   xxx R696 27170-40 25.06.2020 e. 4 25.06.2020 Libro y Folleto Colección Dominicana de Servicio  
        Dominicana de Servicio General General En catalogación 01.04.2011 LF1   xxx R696 27170-50 25.06.2020 e. 5 25.06.2020 Libro y Folleto Colección Dominicana de Servicio  
  Extraviado     Patrimonio Dominicano General General Extraviado 06.07.2011 LF1   xxx R696 27170-60 25.06.2020 e. 6 25.06.2020 Libro y Folleto Colección Patrimonio Dominicano  
      Excluido de préstamo Patrimonio Dominicano Patrimonio Dominicano Patrimonio Dominicano En catalogación 30.03.2011 LF1   xxx R696 27170-10 25.06.2020   25.06.2020 Libro y Folleto Colección Patrimonio Dominicano Perteneció a la biblioteca personal de Germán Emilio Ornes.
      Excluido de préstamo Patrimonio Dominicano Patrimonio Dominicano Patrimonio Dominicano En catalogación 30.03.2011 LF1   xxx R696 27170-20 25.06.2020 e. 2 25.06.2020 Libro y Folleto Colección Patrimonio Dominicano Perteneció a la biblioteca personal de Aída Cartagena Portalatín.

Con tecnología Koha